Central Library OPAC University of Rajshahi

বাংলাদেশের সার্বিক অগ্রগতির লক্ষে একটি প্রস্তাব (Record no. 85839)

MARC details
000 -LEADER
fixed length control field 01046nam a2200253 a 4500
001 - CONTROL NUMBER
control field 85839
003 - CONTROL NUMBER IDENTIFIER
rucl marc code BD-RjUL
005 - DATE AND TIME OF LATEST TRANSACTION
control field 20251012140816.0
008 - FIXED-LENGTH DATA ELEMENTS--GENERAL INFORMATION
fixed length control field 251012s1984 bg ||||| |||| 00| 0 ben d
035 ## - SYSTEM CONTROL NUMBER
System control number (BD-RjUL)85839
040 ## - CATALOGING SOURCE
Original cataloging agency BD-RjUL
Language of cataloging eng
Transcribing agency BD-RjUL
041 ## - LANGUAGE CODE
Language code of text/sound track or separate title ben
082 ## - DEWEY DECIMAL CLASSIFICATION NUMBER
Edition number 23
Classification number 320.95492
Author mark and year YUB 1984
100 ## - MAIN ENTRY--PERSONAL NAME
Personal name ইউসুফ, মনিরউদ্দীন
9 (RLIN) 17148
245 ## - TITLE STATEMENT
Title বাংলাদেশের সার্বিক অগ্রগতির লক্ষে একটি প্রস্তাব
Statement of responsibility, etc. মনিরউদ্দীন ইউসুফ
300 ## - PHYSICAL DESCRIPTION
Pagination ১২৮ পৃ.;
Size ২২ সেমি.
650 ## - SUBJECT ADDED ENTRY--TOPICAL TERM
Topical term or geographic name as entry element রাজনৈতিক পরিস্থিতি
Geographic subdivision বাংলাদেশ
9 (RLIN) 17149
Topical term or geographic name as entry element Political Situation and Cnditions
Chronological subdivision Bangladesh
9 (RLIN) 17150
Topical term or geographic name as entry element অর্থনৈতিক উন্নয়ন
Geographic subdivision বাংলাদেশ
9 (RLIN) 17151
Topical term or geographic name as entry element Economic Development
Geographic subdivision Bangladesh
651 ## - SUBJECT ADDED ENTRY--GEOGRAPHIC NAME
Geographic name বাংলাদেশ
Geographic name Bangladesh
942 ## - ADDED ENTRY ELEMENTS (KOHA)
Source of classification or shelving scheme Dewey Decimal Classification
Koha item type Books
Holdings
Lost status Source of classification or shelving scheme Damaged status Not for loan Collection code Permanent Location Current Location Shelving location Date acquired Source of acquisition Cost, normal purchase price Total Checkouts Full call number Date last seen Copy number Koha item type
  Dewey Decimal Classification   Not For Loan Non-fiction Central Library, University of Rajshahi Central Library, University of Rajshahi Reading Room 16/04/2009 Azhar Uddin 28.00   B 320.95492 YUB 1984 12/10/2025 C-1 Books